LEADER 01743nam a2200349 u 4500 001 000000056713 003 CaOOAMICUS 005 20070226120514.0 008 010419m19709999it u000 u ita u 035 $a10885932 040 $aPUL(R)$bita$dBAV 041 1 $aita$hfre 100 1 $aPhilips, Gérard,$csac.,$d1899-1972.$0(OLS)http://pul/name/39753 240 10$aEglise et son mystère.$lItaliano.$0(OLS)http://pul/title/75860 245 13$aLa Chiesa e il suo mistero nel Concilio Vaticano II :$bstoria, testo e commento della Costituzione Lumen Gentium /$cGérard Philips. 260 $aMilano :$bJaca Book,$c1970- 300 $av. <2 > ;$c25 cm 490 1 $aTeologia ;$v2 504 $aBibliografia in nota. 611 24$aConcilium Vaticanum$n(2 :$d1962-1965)$tLumen gentium.$0(OLS)http://pul/subject/23276 830 0$aTeologia (Jaca Book) ;$v2.$0(OLS)http://pul/title/43953 850 $aPUL 852 $aPUL$W1$xSL Religione 1$y3$m62 E 80$j74341$nBK-PRI$qStampati$B74341$CPULBib$Z2$F74341 $82 852 $aPUL$W1$xDP2 Religione 1$y63$m62 E 142$j153700$a2. copia ; in fotocopia.$qStampati$B153269$CPULBib$Z2$F153269 $82 852 $aPUL$W1$xDP1 Fondo Bordoni$y120$m3 K 59$j167619$bv. 2$qFondi$B176312$CPULBib$Z2$F176312 $HBor2231 $81 941 1 $a1 941 1 $a8 960 $aConcilium Vaticanum$n(2 :$d1962-1965)$tConstitutio dogmatica de Ecclesia$923276 960 $aLumen gentium$923276 961 $aINV: 50133; seconda copia in fotocopia 996 $6245$aLa Chiesa e il suo mistero nel Concilio Vaticano II :$bstoria, testo e commento della Costituzione Lumen Gentium$9(OLS)http://pul/title/75861 996 $6260$aMilano :$bJaca Book$9(OLS)http://pul/publisher/47900 LEADER 01490nam a2200349 u 4500 001 000000054039 003 CaOOAMICUS 005 20070226115628.0 008 001127s1994 it a u000 u ita u 035 $a10862570 040 $aPUL(R)$bita$dPUL(R) 100 1 $aGeymonat, Ludovico,$d1908-1991.$0(OLS)http://pul/name/41 245 13$aLa ragione /$cLudovico Geymonat ; con Carlo Sini e Fabio Minazzi ; prefazione di Giulio Giorello. 260 $aCasale Monferrato :$bPiemme,$c1994. 300 $axvii, 211 p. ;$c22 cm 500 $aContiene indici. 504 $aBibliografia in nota. 650 4$aRagione.$0(OLS)http://pul/subject/17533 700 1 $aGiorello, Giulio.$0(OLS)http://pul/name/38421 700 1 $aMinazzi, Fabio,$d1955-$0(OLS)http://pul/name/38420 700 1 $aSini, Carlo,$d1933-$0(OLS)http://pul/name/35208 850 $aPUL 852 $aPUL$W1$xDP1 Altre Collocazioni$y17$mSenza collocazione$j12$nBK-PRI$b $qStampati$B71228$CPULBib$Z2$F71228 $81 852 $aPUL$W1$xDP1 Fondo Giannini$y60$m1556 F 44$j71227$nBK-PRI$b $qFondi$B71227$CPULBib$Z2$F71227 $81 852 $aPUL$W1$xSL Filosofia 2$y80$mPhil D4 40$j71229$nBK-PRI$b $qStampati altre collocazioni$B71229$CPULBib$Z2$F71229 $81 941 1 $a8 941 1 $a10 941 1 $a1 961 $aINV: Fondo G. Giannini 961 $aINV: 72366 996 $6245$aLa ragione$9(OLS)http://pul/title/72487 996 $6260$aCasale Monferrato :$bPiemme$9(OLS)http://pul/publisher/51813